00322 a2200121 450000500170000002000220001708200110003924500430005025000120009326000550010530000210016070000190018120250628080627.0 a978-1-316-50977-7 a423McI aCambridge Advanced Learner's Dictonary a4th Ed. aUnited KingdomsbCambridge University Pressc2015. axiv,1844p.c23cm aColin McIntosh